| 000 | 03331cam a22005774i 4500 | ||
|---|---|---|---|
| 003 | PE-LiUPU | ||
| 005 | 20250731172919.0 | ||
| 008 | 150617s1976 ag a r 000 0 spa d | ||
| 035 | _a(Sirsi) a19038 | ||
| 040 |
_aPE-LiUPU _bspa _cPE-LiUPU _erda |
||
| 049 | _aPRUA | ||
| 050 | _aR224.501 5 A527 | ||
| 082 | 0 | 4 |
_a291.44 _bA53 _221 |
| 082 | 0 | 4 |
_a236 _A55 _220 |
| 100 | 1 |
_aAmpuero Mata, Victor Enrique, _eautor. |
|
| 245 | 1 | 0 |
_aEn los umbrales de un luminoso futuro / _cVíctor Enrique Ampuero Mata. |
| 264 | 1 |
_aBuenos Aires : _bAsociación Casa Editora Sudamericana, _c1976. |
|
| 300 |
_a188 páginas ; _c22 centímetros. |
||
| 336 |
_atext _2rdacontent |
||
| 337 |
_aunmediated _2rdamedia |
||
| 338 |
_avolume _2rdacarrier |
||
| 505 | 0 | _a¿Quién puede predecir el futuro?.- Antecedentes de una predicción asombrosa -- Se descorre el velo del futuro -- Un rey que quería conocer el porvenir -- ¿Se cumplen realmente las predicciones? -- Tres palabras infalibles -- El fracaso de un rey arrogante -- El enemigo que Napoleón no pudo vencer -- Un emperador de acero -- Por qué fracasaron el Fascismo y el Nazismo -- Reyes y reinas, y el futuro del mundo -- Hacia una brillante esperanza -- Señales asombrosas de un acontecimiento impresionante -- ¿Qué nos enseñan las guerras mundiales? -- La decadencia moral y su significado -- El segundo acto del drama de los siglos -- Hacia la mayor revolución de todos los tiempos -- ¿Somos arquitectos de nuestro destino? -- Lo único que perdurará -- La clave del enigma de la vida. | |
| 526 | _aSEG42 | ||
| 526 | _aSEG41 | ||
| 526 | _aSEG40 | ||
| 526 | _aSEG39 | ||
| 526 | _aP94 | ||
| 526 | _aP87 | ||
| 526 | _aP86 | ||
| 526 | _aP85 | ||
| 526 | _aP77 | ||
| 526 | _aP76 | ||
| 526 | _aP35 | ||
| 650 | 0 | 4 |
_aProfecías. _93133 |
| 910 |
_ajck _bjvq _cjck _d20150616 |
||
| 942 |
_2ddc _cBOOK |
||
| 949 |
_a291.44 A53 _wDEWEY _c1 _i14884 _lCCODEBUL1 _mBUL _p00.00 _r0 _sY _tBOOK _u19761026 _xTEOLOGIA _PP35 _0COMPRA _o.STAFF. Colección General |
||
| 949 |
_a291.44 A53 _wDEWEY _c2 _i20546 _lCCODEBUL1 _mBUL _p00.00 _r0 _sY _tBOOK _u19761026 _xTEOLOGIA _PP35 _0COMPRA _o.STAFF. Colección General |
||
| 949 |
_aR224.501 5 A527 G74 2015 _wLC _c1 _i52306-1001 _lCIW _mBUL _p20.00 _r1 _sY _tBOOK _u2016-7-18 _xWHITE _zUNKNOWN _0COMPRA _o.STAFF. Centro White |
||
| 994 |
_aC0 _bPEPRU |
||
| 596 | _a1 2 | ||
| 999 |
_a291.44 A53 _wDEWEY _c18796 _i14884 _f2021-11-12 _g3 _lCCODEBUL1 _mBUL _r0 _sY _tBOOK _u2015-6-17 _xTEOLOGIA _PP35 _0COMPRA _o.STAFF. Colección General _d18796 |
||
| 999 |
_a291.44 A53 _wDEWEY _c2 _i20546 _f2021-11-29 _g5 _lCCODEBUL1 _mBUL _r0 _sY _tBOOK _u2015-6-17 _xTEOLOGIA _PP35 _0COMPRA _o.STAFF. Colección General |
||
| 999 |
_a291.44 A53 1976 _wDEWEY _c1 _iFT00191 _f2019-2-20 _g1 _lCCODEBUT1 _mBUT _p10.00 _r0 _sY _tBOOK _u2015-11-26 _xBIBLIOTECA _zUNKNOWN _0DONACION _o.STAFF. Colección General |
||
| 999 |
_a291.44 A53 1976 _wDEWEY _c2 _iFT03517 _lCCODEBUT1 _mBUT _p10.00 _r0 _sY _tBOOK _u2018-5-16 _xBIBLIOTECA _zUNKNOWN _0DONACION _o.STAFF. Coleccion general |
||
| 999 |
_a236 A55 1976 _wDEWEY _c1 _iCW52306 _f2021-12-22 _g3 _lCCODECWL1 _mBUL _p10.00 _r1 _sY _tBOOK _u2016-7-18 _xWHITE _zUNKNOWN _0COMPRA _o.STAFF. Centro White |
||
| 980 |
_81 _gALBERTO SANCHEZ Responsable de Automatización |
||